A Visit from St. Nicholas - Statistics

General Stats
  • This quiz has been taken 54 times
  • The average score is 27 of 56
Answer Stats
Hint Answer % Correct
Not a ____ was stirring, not even a mouse; creature
97%
'Twas the night before Christmas, when all thro' the ____, house
97%
In hopes that St. _____ soon would be there; Nicholas
95%
The stockings were hung by the _____with care, chimney
81%
The children were nestled all ___ in their beds, snug
81%
While ____ of sugar plums danc'd in their heads, visions
78%
And then in a twinkling, I heard on the ____ roof
76%
I sprang from the bed to see what was the ____. matter
73%
Tore open the shutters, and threw up the ____. sash
70%
But a minature _____, and eight tiny rein-deer, sleigh
70%
Away to the ____ I flew like a flash, window
70%
"Now, Dasher! now, Dancer! now _____ and Vixen, Prancer
68%
And Mama in her ____, and I in my cap, kerchief
65%
"Now dash away! dash away! dash away ___!" all
62%
"On, Comet! on ____! on Dunder and Blixem! Cupid
62%
As I drew in my ____, and was turning around, head
59%
So up to the house-top the coursers they ____, flew
57%
I knew in a ______ it must be St. Nick. moment
57%
He was chubby and plump, a right jolly old ___, elf
54%
The prancing and pawing of each little ____. hoof
54%
With the sleigh full of ____- and St. Nicholas too: toys
54%
When, what to my _____ eyes should appear, wondering
54%
When out on the ____ there arose such a clatter, lawn
51%
His cheeks were like roses, his nose like a _____; cherry
46%
He was dress'd all in ___, from his head to his foot, fur
46%
That shook when he laugh'd, like a bowl full of _____: jelly
46%
Down the chimney St. Nicholas came with a _____: bound
43%
And giving a ___, up the chimney he rose. nod
43%
The stump of a ____ he held tight in his teeth, pipe
43%
And I laugh'd when I saw him in _____ of myself; spite
43%
And his clothes were all tarnish'd with _____and soot; ashes
41%
He had a broad face, and a little round _____ belly
41%
And away they all flew, like the ____of a thistle: down
41%
And the smoke it encircled his head like a _____. wreath
41%
More rapid than eagles his ____ they came, coursers
38%
Soon gave me to know I had nothing to _____. dread
38%
As dry ______ before the wild hurricane fly, leaves
38%
He sprung to his sleigh, to his team gave a _______, whistle
38%
And the _____ of his chin was as white as the snow; beard
35%
Gave the lustre of mid-day to _______ below; objects
35%
Had just settled our ____for a long winter's nap- brains
32%
With a little old ____ , so lively and quick, driver
32%
_____Christmas to all, and to all a good night. Happy
32%
And he look'd like a ______ just opening his pack: peddler
32%
And laying his finger _____of his nose aside
30%
But I heard him ______, ere he drove out of sight- exclaim
30%
He _____ not a word, but went straight to his work, spoke
30%
The moon on the _____ of the new fallen snow, breast
27%
And fill'd all the stockings; then turn'd with a ____, jerk
27%
A bundle of toys was _____ on his back, flung
24%
His eyes - how they twinkled! his ______ how merry, dimples
19%
His _____ little mouth was drawn up like a bow, droll
19%
"To the top of the _____! to the top of the wall! porch
19%
And he _______, and shouted, and call'd them by name: whistled
19%
When they meet with an obstacle, _____ to the sky; mount
16%
A wink of his eye and a _____ of his head twist
14%
No matching quizzes found
Score Distribution
Percent of People with Each Score
Percentile by Number Answered
Your Score History
You have not taken this quiz